000 00282nam a22001217a 4500
008 171017b xxu||||| |||| 00| 0 eng d
041 _aeng
080 _a331.101.262
100 _a52
101 _abnj
245 _aDEVELOPING THE GLOBAL ORGANIZATION
_cMORAN, R.T
942 _2udc
_cBK
999 _c34358
_d34358